|
|
|
|
| LEADER |
00000cam a2200000 7i4500 |
| 001 |
0000007018 |
| 005 |
20180419.0 |
| 020 |
|
|
|a 9679783863
|
| 090 |
0 |
0 |
|a 959.904
|b KHO
|
| 100 |
0 |
|
|a Khoo Kay Kim
|
| 245 |
1 |
0 |
|a Malay society :
|b transformation and democratisation
|c Khoo Kay Kim
|
| 260 |
|
|
|a Petaling Jaya :
|b Pelanduk Publications ,
|c 2001
|
| 300 |
|
|
|a 238p. ;
|c 17cm.
|
| 650 |
0 |
0 |
|a Malaya
|x History
|
| 650 |
0 |
0 |
|a Malays (Asian people)
|x Historiography
|
| 650 |
0 |
0 |
|a Malays (Asian people)
|z Malaya
|x Social life and customs
|
| 999 |
|
|
|a 00070726
|b BUKU
|c PINJAMAN
|e PERPUSTAKAAN KOMUNITI CAW KOTA DAMANSARA
|
| 999 |
|
|
|a 00070727
|b BUKU
|c PINJAMAN
|e PERPUSTAKAAN KOMUNITI PETALING JAYA
|
| 999 |
|
|
|a 00353348
|b BUKU
|c PINJAMAN
|e PERPUSTAKAAN KOMUNITI PETALING JAYA
|
| 999 |
|
|
|a 042731
|b BUKU
|c MALAYSIANA
|e PERPUSTAKAAN KOMUNITI PETALING JAYA
|
| 999 |
|
|
|a 117152
|b BUKU
|c PINJAMAN
|e PERPUSTAKAAN KOMUNITI PETALING JAYA
|
| 999 |
|
|
|a 117304
|b BUKU
|c PINJAMAN
|e PERPUSTAKAAN KOMUNITI PETALING JAYA
|
| 999 |
|
|
|a 126309
|b BUKU
|c MALAYSIANA
|e PERPUSTAKAAN KOMUNITI PETALING JAYA
|